Loading...
| Fine Arts - Painting and Sculpture | 0 | 4 | 0 | 0 | 40 | 69 | 74.75 | 0 | 0 | 13.42 | 18.02 |
| Literature - American | 0 | 4 | 0 | 0 | 40 | 56 | 91.50 | 0 | 0 | 7.76 | 16.28 |
| History - American | 0 | 4 | 0 | 0 | 40 | 51 | 65.75 | 1 | 2 | 14.40 | 23.23 |
| Science - Other | 0 | 3 | 0 | 1 | 30 | 87 | 96.00 | 0 | 0 | 5.05 | 6.06 |
| History - European | 0 | 3 | 0 | 0 | 30 | 45 | 60.33 | 0 | 1 | 11.59 | 13.64 |
| History - Other | 0 | 3 | 0 | 1 | 30 | 65 | 87.00 | 0 | 0 | 5.91 | 7.58 |
| Literature - World | 0 | 3 | 0 | 1 | 30 | 95 | 106.33 | 0 | 0 | 3.00 | 5.45 |
| Science - Physics | 0 | 2 | 0 | 0 | 20 | 42 | 46.00 | 0 | 1 | 10.62 | 10.81 |
| Science - Biology | 0 | 2 | 0 | 0 | 20 | 49 | 62.00 | 1 | 1 | 7.41 | 10.61 |
| Literature - European | 0 | 2 | 0 | 0 | 20 | 101 | 103.50 | 0 | 0 | 2.47 | 2.78 |
| History - World | 0 | 2 | 0 | 0 | 20 | 72 | 84.00 | 0 | 0 | 3.75 | 4.55 |
| Fine Arts - Classical Music | 0 | 2 | 1 | 1 | 15 | 80 | 98.00 | 0 | 1 | 2.29 | 10.35 |
| Philosophy | 0 | 2 | 1 | 1 | 15 | 72 | 89.00 | 0 | 0 | 3.19 | 2.78 |
| Fine Arts - Other | 0 | 2 | 1 | 2 | 15 | 103 | 110.50 | 0 | 1 | 0.00 | 4.39 |
| Current Events | 0 | 1 | 0 | 0 | 10 | 68 | 68.00 | 0 | 0 | 7.41 | 6.67 |
| Literature - British | 0 | 1 | 0 | 1 | 10 | 126 | 126.00 | 0 | 0 | 0.00 | 0.76 |
| Science - Chemistry | 0 | 1 | 0 | 0 | 10 | 78 | 78.00 | 0 | 0 | 2.46 | 3.03 |
| Social Science | 0 | 1 | 1 | 0 | 5 | 85 | 85.00 | 0 | 0 | 3.25 | 7.94 |
| Geography | 0 | 1 | 1 | 0 | 5 | 59 | 59.00 | 0 | 1 | 6.41 | 10.71 |
| Religion | 0 | 1 | 1 | 0 | 5 | 119 | 119.00 | 0 | 0 | 0.00 | 1.01 |
| Mythology | 0 | 0 | 1 | 0 | -5 | 0.00 | 0 | 0 | 0.00 | 0.00 |